[Event "DFMMLV 2017"]
[Site "Braunfels"]
[Date "2017.06.18"]
[Round "5"]
[White "Atalik, Ekaterina"]
[Black "Pralle, Katharina"]
[Result "1-0"]
[WhiteElo "2440"]
[BlackElo "2018"]
[Annotator "TA"]
[PlyCount "79"]
[EventDate "2017.??.??"]
[EventType "team-tourn"]
[EventCountry "GER"]
[SourceTitle "playchess.com"]
[Source "ChessBase"]
[SourceQuality "1"]

{[%evp 16,79,29,27,29,16,8,15,19,16,8,6,8,12,16,8,9,8,26,22,29,14,9,-7,32,38,55,45,64,79,108,60,55,12,21,-61,-11,-33,-37,-56,-29,-54,-35,-31,0,0,0,0,0,0,64,62,101,110,196,179,383,366,612,601,973,936,1758,1746,1742,1716]} 1. d4 d5 2. c4 e6 3. Nc3 Nf6 4. cxd5 exd5 5. Bg5 Nbd7 6. e3 c6 7. Bd3 Be7 8. Qc2 h6 9. Bh4 O-O {D36: Queen's Gambit Declined: Exchange Variation: Main line (5 Bg5 c6 6 Qc2)} (9... Nh5 10. Bxe7 Qxe7 11. O-O-O Nb6 12. h3 Be6 13. Nf3 Nf6 14. Kb1 O-O-O 15. Nd2 Kb8 16. Nb3 Rhe8 17. f3 Nfd7 {½-½ (34) Tomashevsky,E (2728)-Adams,M (2744) Wijk aan Zee 2016}) 10. h3 Re8 11. Bg3 a6 {The position is equal.} 12. Nf3 c5 13. dxc5 $146 ({Predecessor:} 13. O-O c4 14. Bf5 Nf8 15. Ne5 Bxf5 16. Qxf5 Ne6 17. Rad1 Bb4 18. f3 Bxc3 19. bxc3 {0-1 (32) Vaitonis,V (2029)-Armonaitis,S (2108) Klaipeda 2011}) 13... Nxc5 14. O-O Be6 15. Nd4 Rc8 16. Nxe6 fxe6 17. Bg6 $36 {[%mdl 2048] White fights for an advantage.} Rf8 18. Qd1 Bd6 19. Bh4 Be7 20. Rc1 Rc7 21. Bb1 g5 22. Bg3 Bd6 23. b4 {Black must now prevent Bxd6.} Bxg3 24. bxc5 (24. fxg3 $5 {[%cal Rb4c5]} Ncd7 25. e4 $11) 24... Be5 25. Na4 (25. Ne2 $11) 25... Rc6 26. Qd3 Qe7 27. Nb6 Bb8 28. f4 gxf4 29. exf4 Rd8 (29... Kh8 $5 {[%cal Rc6c5]} 30. Qd4 Qg7 $15) 30. Qg3+ Qg7 31. Qh4 Kf7 32. Kh1 Rg8 ({Black should play} 32... h5 $11) 33. g4 $14 Ke8 34. Bc2 Kf7 {[#]} (34... Bc7 $16) 35. Ba4 $1 $18 Rc7 $2 (35... Bc7 36. Bxc6 bxc6) 36. f5 {[%cal Bf4f5,Bf5e6][%mdl 32]} Qg5 $2 (36... e5 37. Nxd5 Nxd5) 37. fxe6+ {White is clearly winning.} Ke7 38. Qf2 Qg7 {[#]} 39. Qxf6+ $1 {[%mdl 512]} Qxf6 40. Nxd5+ {Precision: White = 46%, Black = 39%.} 1-0

[Event "DFMMLV 2017"]
[Site "Braunfels"]
[Date "2017.06.18"]
[Round "5"]
[White "Ambartsumova, Karina"]
[Black "Flach, Helene"]
[Result "1-0"]
[WhiteElo "2318"]
[BlackElo "1870"]
[Annotator "ChessBase"]
[PlyCount "59"]
[EventDate "2017.??.??"]
[EventType "team-tourn"]
[EventCountry "GER"]
[SourceTitle "playchess.com"]
[Source "ChessBase"]
[SourceQuality "1"]
[TimeControl "40/5400+30:1800+30"]

1. d4 {[%emt 0:00:00]} d5 {[%emt 0:00:06]} 2. Nf3 {[%emt 0:00:21]} Nf6 {[%emt 0:00:15]} 3. Bf4 {[%emt 0:00:36]} e6 {[%emt 0:00:45]} 4. e3 {[%emt 0:01:11]} c5 {[%emt 0:01:34]} 5. c3 {[%emt 0:01:49]} Nc6 {[%emt 0:00:56]} 6. Nbd2 {[%emt 0:00:34]} Bd7 {[%emt 0:01:42]} 7. Bd3 {[%emt 0:02:33]} Be7 {[%emt 0:04:18]} 8. O-O {[%emt 0:01:46]} O-O {[%emt 0:04:29]} 9. Ne5 {[%emt 0:03:27]} Be8 {[%emt 0:06:56]} 10. Qf3 {[%emt 0:08:02]} Nd7 {[%emt 0:05:29]} 11. Nxc6 {[%emt 0:14:48]} bxc6 {[%emt 0:00:14]} 12. e4 {[%emt 0:00:09]} Bg5 {[%emt 0:09:50]} 13. e5 {[%emt 0:05:49]} Bxf4 {[%emt 0:02:52]} 14. Qxf4 {[%emt 0:00:01]} f5 {[%emt 0:02:08]} 15. dxc5 {[%emt 0:08:56]} Nxc5 {[%emt 0:01:07]} 16. Bc2 {[%emt 0:00:05]} Bh5 {[%emt 0:04:42]} 17. Rfe1 {[%emt 0:04:19]} Nd7 {[%emt 0:04:38]} 18. b4 {[%emt 0:07:47]} Qe7 {[%emt 0:04:37]} 19. Nb3 {[%emt 0:02:59]} Rfc8 {[%emt 0:01:37]} 20. Bd3 {[%emt 0:07:47]} Rc7 {[%emt 0:02:28]} 21. Rac1 {[%emt 0:06:52]} Rd8 {[%emt 0:05:46]} 22. a3 {[%emt 0:02:51]} c5 {[%emt 0:01:47]} 23. Bb5 {[%emt 0:00:31]} c4 {[%emt 0:03:27]} 24. Nd4 {[%emt 0:01:14]} Nb8 {[%emt 0:00:43]} 25. Nxe6 {[%emt 0:02:44]} Qxe6 {[%emt 0:02:57]} 26. Qg5 {[%emt 0:00:01]} Rf8 {[%emt 0:01:25]} 27. Qxh5 {[%emt 0:00:13]} f4 {[%emt 0:04:28]} 28. Qf3 {[%emt 0:01:55]} Rcf7 {[%emt 0:03:20]} 29. Rcd1 {[%emt 0:00:17]} Rd8 {[%emt 0:00:30]} 30. Bxc4 {[%emt 0:00:20]} 1-0

[Event "DFMMLV 2017"]
[Site "Braunfels"]
[Date "2017.06.18"]
[Round "5"]
[White "Belenkaya, Dina"]
[Black "Barpiyeva, Gulsana"]
[Result "1-0"]
[WhiteElo "2306"]
[BlackElo "2109"]
[Annotator "ChessBase"]
[PlyCount "47"]
[EventDate "2017.??.??"]
[EventType "team-tourn"]
[EventCountry "GER"]
[SourceTitle "playchess.com"]
[Source "ChessBase"]
[SourceQuality "1"]
[TimeControl "40/5400+30:1800+30"]

1. e4 {[%emt 0:01:42]} c5 {[%emt 0:00:09]} 2. Nf3 {[%emt 0:00:05]} d6 {[%emt 0:00:07]} 3. Bb5+ {[%emt 0:00:08]} Nd7 {[%emt 0:00:14]} 4. O-O {[%emt 0:00:14]} a6 {[%emt 0:00:24]} 5. Bd3 {[%emt 0:00:10]} Ngf6 {[%emt 0:00:17]} 6. c3 {[%emt 0:00:26]} g6 {[%emt 0:01:27]} 7. Bc2 {[%emt 0:10:14]} Bg7 {[%emt 0:00:36]} 8. d4 {[%emt 0:01:10]} O-O {[%emt 0:01:30]} 9. Qe2 {[%emt 0:01:59]} e5 {[%emt 0:09:47]} 10. dxe5 {[%emt 0:03:16]} dxe5 {[%emt 0:00:09]} 11. a4 {[%emt 0:03:04]} b6 {[%emt 0:01:00]} 12. Na3 {[%emt 0:04:13]} Qc7 {[%emt 0:03:28]} 13. Nc4 {[%emt 0:01:24]} Bb7 {[%emt 0:02:19]} 14. Rd1 {[%emt 0:01:02]} Rfd8 {[%emt 0:14:47]} 15. Nd6 Nf8 {[%emt 0:06:04]} 16. Nxb7 {[%emt 0:16:12]} Qxb7 {[%emt 0:06:30]} 17. Nxe5 {[%emt 0:01:39]} Nxe4 {[%emt 0:02:26]} 18. Bf4 {[%emt 0:12:45]} Nf6 {[%emt 0:11:27]} 19. Bb3 {[%emt 0:05:16]} Nd5 {[%emt 0:05:10]} 20. Qf3 {[%emt 0:03:36]} Ne6 {[%emt 0:18:23]} 21. Rxd5 {[%emt 0:02:21]} Qc8 {[%emt 0:07:19]} 22. Rxd8+ {[%emt 0:06:42]} Nxd8 {[%emt 0:00:22]} 23. Rd1 {[%emt 0:03:26]} Bf6 {[%emt 0:03:03]} 24. Nd7 {[%emt 0:01:37]} 1-0

[Event "DFMMLV 2017"]
[Site "Braunfels"]
[Date "2017.06.18"]
[Round "5"]
[White "Imnadze, Nato"]
[Black "Frank, Tena"]
[Result "1/2-1/2"]
[WhiteElo "2283"]
[BlackElo "1982"]
[Annotator "ChessBase"]
[PlyCount "93"]
[EventDate "2017.??.??"]
[EventType "team-tourn"]
[EventCountry "GER"]
[SourceTitle "playchess.com"]
[Source "ChessBase"]
[SourceQuality "1"]
[TimeControl "40/5400+30:1800+30"]

1. e4 {[%emt 0:00:00]} c5 {[%emt 0:00:04]} 2. Nc3 {[%emt 0:00:06]} e6 {[%emt 0:00:54]} 3. g3 {[%emt 0:00:06]} g6 {[%emt 0:01:15]} 4. Bg2 {[%emt 0:00:06]} Bg7 {[%emt 0:00:06]} 5. d3 {[%emt 0:00:06]} d6 {[%emt 0:01:50]} 6. Be3 {[%emt 0:00:12]} Ne7 {[%emt 0:02:37]} 7. Qd2 {[%emt 0:01:18]} O-O {[%emt 0:00:36]} 8. Bh6 {[%emt 0:01:34]} Nbc6 {[%emt 0:00:35]} 9. h4 {[%emt 0:00:40]} f6 {[%emt 0:06:03]} 10. Bxg7 {[%emt 0:03:01]} Kxg7 {[%emt 0:00:09]} 11. Nge2 {[%emt 0:00:52]} h6 {[%emt 0:10:42]} 12. d4 {[%emt 0:06:42]} cxd4 {[%emt 0:04:30]} 13. Nxd4 {[%emt 0:01:24]} d5 {[%emt 0:04:09]} 14. Nxe6+ {[%emt 0:21:11]} Bxe6 {[%emt 0:00:37]} 15. exd5 {[%emt 0:00:07]} Nxd5 {[%emt 0:08:53]} 16. Bxd5 {[%emt 0:11:52]} Bxd5 {[%emt 0:04:31]} 17. Nxd5 {[%emt 0:00:52]} Re8+ {[%emt 0:00:48]} 18. Ne3 {[%emt 0:01:54]} Qxd2+ {[%emt 0:09:33]} 19. Kxd2 {[%emt 0:00:31]} Rad8+ {[%emt 0:07:35]} 20. Ke2 {[%emt 0:04:30]} Nd4+ {[%emt 0:00:37]} 21. Kf1 {[%emt 0:00:31]} h5 {[%emt 0:05:28]} 22. Kg2 {[%emt 0:02:13]} Rc8 {[%emt 0:09:55]} 23. c3 {[%emt 0:01:56]} Nc6 {[%emt 0:00:13]} 24. Rad1 {[%emt 0:04:15]} Re7 {[%emt 0:01:33]} 25. Rd6 {[%emt 0:02:38]} Ne5 {[%emt 0:00:56]} 26. Re1 {[%emt 0:02:17]} Rc6 {[%emt 0:04:32]} 27. Rd4 {[%emt 0:03:50]} Kf7 {[%emt 0:02:20]} 28. Nd5 {[%emt 0:01:53]} Re8 {[%emt 0:04:28]} 29. b3 {[%emt 0:09:52]} b5 {[%emt 0:04:54]} 30. f4 {[%emt 0:03:34]} Nd7 {[%emt 0:02:45]} 31. Rde4 {[%emt 0:02:26]} Rxe4 {[%emt 0:01:10]} 32. Rxe4 {[%emt 0:00:02]} Rd6 {[%emt 0:00:59]} 33. Rd4 {[%emt 0:01:22]} Rc6 {[%emt 0:01:12]} 34. Nb4 {[%emt 0:02:13]} Rc7 {[%emt 0:00:09]} 35. Na6 {[%emt 0:00:55]} Rb7 {[%emt 0:00:04]} 36. Kf2 {[%emt 0:00:13]} Ke6 {[%emt 0:00:15]} 37. Rxd7 {[%emt 0:00:50]} Rxd7 {[%emt 0:00:15]} 38. Nc5+ {[%emt 0:00:05]} Kd6 {[%emt 0:00:09]} 39. Nxd7 {[%emt 0:00:06]} Kxd7 {[%emt 0:00:05]} 40. Ke3 {[%emt 0:00:14]} Kd6 {[%emt 0:31:13]} 41. Kd4 {[%emt 0:30:24]} Ke6 {[%emt 0:00:26]} 42. c4 {[%emt 0:00:40]} bxc4 {[%emt 0:00:41]} 43. bxc4 {[%emt 0:00:05]} Kd6 {[%emt 0:00:18]} 44. c5+ {[%emt 0:00:21]} Kc6 {[%emt 0:00:10]} 45. Kc4 {[%emt 0:00:05]} a5 {[%emt 0:01:52]} 46. a4 {[%emt 0:01:43]} f5 {[%emt 0:00:19]} 47. Kd4 {[%emt 0:00:04] Kd5+} 1/2-1/2

[Event "DFMMLV 2017"]
[Site "Braunfels"]
[Date "2017.06.18"]
[Round "5"]
[White "Rogozenco, Teodora"]
[Black "Plass, Mariana-Camelia"]
[Result "1-0"]
[WhiteElo "2147"]
[BlackElo "2078"]
[Annotator "TA"]
[PlyCount "99"]
[EventDate "2017.??.??"]
[EventType "team-tourn"]
[EventCountry "GER"]
[SourceTitle "playchess.com"]
[Source "ChessBase"]
[SourceQuality "1"]

{[%evp 14,99,38,27,37,37,31,29,27,29,28,29,52,42,42,42,40,41,62,58,83,81,141,134,143,70,91,61,52,40,49,52,56,43,43,43,46,51,79,80,82,82,88,89,134,118,214,221,205,203,359,331,815,814,866,856,791,775,1238,1246,1001,920,12842,12839,12843,12843,12845,12842,12845,12841,12844,12841,12842,12842,12844,12843,12849,12844,12848,12845,12849,12847,12849,12848,12850,29976,12851,29976]} 1. d4 Nf6 2. Nf3 b6 3. c4 e6 4. Nc3 Bb7 5. Qc2 c5 6. e4 {[%cal Be2e4,Be4e5][%mdl 32]} cxd4 {E12: Queen's Indian: Unusual White 4th moves, 4 a3, 4 Nc3 Bb7 5 a3 and 4 Nc3 Bb7} 7. Nxd4 Nc6 (7... Bb4 8. f3 O-O 9. Bg5 Qc7 10. a3 Be7 11. Rd1 a6 12. Be2 d6 13. O-O Nbd7 14. Be3 Rac8 15. Rc1 Rfe8 {0-1 (46) Jakovenko,D (2713)-Vallejo Pons,F (2706) Khanty-Mansiysk 2013}) 8. Nxc6 {LiveBook: 4 Games} dxc6 {White has an edge.} 9. e5 $146 ({Predecessor:} 9. Bf4 Nh5 10. Rd1 Qf6 11. Be3 Bb4 12. Be2 Nf4 13. Bf3 e5 14. O-O {1-0 (31) Milosevic,Z (2259)-Gavrilovic,L (2241) Serbia 2007}) 9... Nd7 10. f4 Qc7 11. Be3 Bb4 12. Bd3 h6 13. a3 Bxc3+ 14. Qxc3 c5 15. O-O O-O-O 16. Be2 g5 17. fxg5 Nxe5 (17... hxg5 $142 18. Rxf7 (18. Bxg5 $2 Rdg8 $19) 18... Qxe5 19. Qxe5 Nxe5) 18. Bf4 $1 $16 {[%cal Rf4e5]} ({But not} 18. gxh6 $6 Qc6 $11) 18... Qc6 {[%csl Gb7][%cal Rc6g2]} 19. Qg3 ({White should play} 19. Rf2 $1 $16 Ng6 20. Bf3) 19... Ng6 $14 20. Bf3 (20. gxh6 {with more complications.} Nh4 21. Bg5 Rdg8 22. Rxf7 Nf5 23. Rxf5 exf5 24. Bf3) 20... Nxf4 21. Qxf4 hxg5 22. Qxf7 Qd7 23. Bxb7+ Kxb7 24. Rad1 Qxf7 25. Rxf7+ {[%mdl 4096] Endgame KRR-KRR} Kc6 26. Re1 Rh6 27. Rxa7 Rd2 28. b4 cxb4 29. axb4 {[%cal Ba3b4,Bb4b5][%mdl 32]} Rc2 (29... Rb2 $16 {was necessary.}) 30. b5+ $1 $18 Kd6 {[#]} 31. Rb7 $1 Rf6 $2 (31... Kc5 {was worth a try.} 32. Rc7+ Kd4) 32. Rxb6+ Kd7 $2 (32... Ke7 33. Rb7+ Kd8) 33. Rd1+ Kc7 34. Rc6+ Kb7 35. Rf1 Rf4 36. Rxf4 gxf4 37. Rxe6 Rxc4 {KR-KR} 38. Kf2 Rb4 {[#]} 39. b6 $1 Rb5 (39... Rxb6 40. Rxb6+) 40. Kf3 Rh5 41. h3 {[%cal Bh2h3,Bh3h4,Bh4h5,Bh5h6][%mdl 32]} Rg5 42. Rf6 Rg3+ 43. Kf2 Rc3 44. h4 Ka6 45. h5 Rc5 46. h6 Rh5 47. Kf3 Rh4 48. g3 fxg3 49. Kxg3 Rh1 {[#]} 50. Kg4 {Precision: White = 73%, Black = 36%.} (50. b7+ $1 $18 Kxb7 51. Kg4) 1-0

[Event "DFMMLV 2017"]
[Site "Braunfels"]
[Date "2017.06.18"]
[Round "5"]
[White "Wiesner, Paula"]
[Black "Klek, Hanna Marie"]
[Result "0-1"]
[WhiteElo "2068"]
[BlackElo "2368"]
[Annotator "NA"]
[PlyCount "54"]
[EventDate "2017.??.??"]
[EventType "team-tourn"]
[EventCountry "GER"]
[SourceTitle "playchess.com"]
[Source "ChessBase"]
[SourceQuality "1"]
[TimeControl "40/5400+30:1800+30"]

{[%evp 18,54,3,0,0,-20,-1,-12,-5,0,-1,-15,33,16,35,-81,32767,-33,-45,-111,32767,-208,-239,-221,-261,-284,-265,-750,-777,-734,-813,-2187,-2374,-2908,-29988,-29996,-29997,-29998,-29996]} 1. d4 {[%emt 0:00:00]} Nf6 {[%emt 0:00:07]} 2. c4 {[%emt 0:00:00]} e6 {[%emt 0:00:06]} 3. Nc3 {[%emt 0:00:00]} Bb4 {[%emt 0:00:09]} 4. e3 {[%emt 0:00:02]} O-O {[%emt 0:00:11]} 5. Nge2 {[%emt 0:00:07]} Re8 {[%emt 0:00:20]} 6. a3 {[%emt 0:00:14]} Bf8 {[%emt 0:00:07]} 7. Ng3 {[%emt 0:01:46]} d5 {[%emt 0:02:08]} 8. cxd5 {[%emt 0:00:49] E46: Nimzo-Indian: Rubinstein: 4 e3 0-0 5 Ne2 without early Bd3} (8. Be2 b6 9. cxd5 exd5 10. b4 Bb7 11. O-O Nbd7 12. Qb3 c6 13. Bf3 a6 14. Rd1 b5 15. e4 Nb6 {0-1 (51) Gupta,A (2627)-Wei,Y (2725) Liaocheng 2017}) 8... exd5 {[%emt 0:00:07]} 9. Bd3 {[%emt 0:00:15]} a5 {[%emt 0:09:32]} 10. O-O {[%emt 0:02:21]} c6 {[%emt 0:06:35]} 11. f3 $146 {[%emt 0:05:03]} ({Predecessor:} 11. Qc2 h5 12. Bd2 h4 13. Nge2 Na6 14. h3 c5 15. Rad1 Bd7 16. Bf5 b6 17. Nc1 g6 18. Bxd7 Qxd7 {½-½ (18) Hovhannisyan,M (2460)-Saiboulatov,D (2360) Belgium 2008}) 11... Na6 {[%emt 0:01:41]} 12. Kh1 {[%emt 0:07:05]} Nc7 {[%emt 0:13:39]} 13. Bc2 {[%emt 0:08:59]} Ne6 {[%emt 0:01:57]} 14. Nce2 {[%emt 0:12:17]} g6 {[%emt 0:03:52]} 15. e4 {[%emt 0:04:27]} h5 {[%emt 0:05:49]} 16. Nf4 {[%emt 0:09:35]} (16. e5 $14 {stays ahead.}) 16... Nxf4 {[%emt 0:11:46]} 17. Bxf4 {[%emt 0:00:11]} h4 {[%emt 0:03:15]} 18. Ne2 {[%emt 0:02:21]} (18. e5 $1 $11 {remains equal.}) 18... h3 {[%emt 0:03:49]} 19. g3 $2 {[%emt 0:04:20]} (19. e5 $11 {and White stays safe.}) 19... dxe4 {[%emt 0:00:30]} 20. fxe4 {[%emt 0:02:13]} Nxe4 {[%emt 0:02:27]} 21. Bb3 {[%emt 0:05:09]} Be6 {[%emt 0:02:33]} 22. Be5 $2 {[%emt 0:02:07]} (22. Ng1) 22... Bd5 {[%emt 0:01:35]} 23. Kg1 {[%emt 0:00:35] [#]} Rxe5 $1 {[%emt 0:00:17]} 24. dxe5 {[%emt 0:00:55]} Bc5+ {[%emt 0:00:11]} 25. Nd4 {[%emt 0:00:19]} Bxb3 {[%emt 0:00:29]} 26. Qxb3 {[%emt 0:00:17]} Qxd4+ {[%emt 0:00:10]} 27. Kh1 {[%emt 0:00:15]} Nf2+ {[%emt 0:00:17]} 0-1

[Event "DFMMLV 2017"]
[Site "Braunfels"]
[Date "2017.06.18"]
[Round "5"]
[White "Gheng, Simona"]
[Black "Diener, Carolin Valeria"]
[Result "1-0"]
[WhiteElo "1999"]
[BlackElo "1886"]
[Annotator "NA"]
[PlyCount "83"]
[EventDate "2017.??.??"]
[EventType "team-tourn"]
[EventCountry "GER"]
[SourceTitle "playchess.com"]
[Source "ChessBase"]
[SourceQuality "1"]
[TimeControl "40/5400+30:1800+30"]

{[%evp 21,83,30,37,17,57,47,49,45,35,31,51,45,66,26,32,-28,125,117,105,112,122,121,124,118,123,238,114,122,108,129,138,130,89,22,214,201,204,32767,32767,32767,32767,199,339,328,518,570,647,594,748,32767,716,938,816,954,1009,1212,2591,32767,5261,2777,32767,32767,2722,29974]} 1. e4 {[%emt 0:00:00]} e5 {[%emt 0:00:04]} 2. Nf3 {[%emt 0:00:00]} Nc6 {[%emt 0:00:05]} 3. Bb5 {[%emt 0:00:00]} a6 {[%emt 0:00:04]} 4. Ba4 {[%emt 0:00:00]} Nf6 {[%emt 0:00:07]} 5. d3 {[%emt 0:00:13]} d6 {[%emt 0:00:23]} 6. c3 {[%emt 0:00:08]} Be7 {[%emt 0:00:09]} 7. O-O {[%emt 0:00:08]} O-O {[%emt 0:00:09]} 8. Nbd2 {[%emt 0:00:41]} b5 {[%emt 0:00:42]} 9. Bc2 {[%emt 0:00:14]} Nb8 {[%emt 0:01:59] C77: Ruy Lopez: 3...a6 4 Ba4 Nf6, unusual lines} 10. Re1 {[%emt 0:00:19]} (10. d4 Nbd7 11. Re1 Bb7 12. Nf1 Re8 13. h3 Bf8 14. Bg5 h6 15. Bh4 Qc8 16. dxe5 dxe5 17. N3d2 Nh7 18. Ne3 g6 19. Qf3 Be7 20. Bb3 Bxh4 21. Qxf7+ Kh8 22. Qxg6 Rf8 23. Nf5 Rxf5 24. Qxf5 {1-0 (56) Svidler,P (2755)-Romanov,E (2636) Sochi 2017}) 10... c5 {[%emt 0:01:08]} 11. Nf1 {[%emt 0:00:19]} Qc7 {[%emt 0:01:28]} 12. Ng3 {[%emt 0:00:37]} g6 $146 {[%emt 0:04:23]} ({Predecessor:} 12... Nc6 13. h3 Rd8 14. d4 Bf8 15. Bg5 {1-0 (60) Womacka,M (2439)-Engel,J (2209) Bad Wiessee 2014}) 13. Bh6 {[%emt 0:04:55]} Re8 {[%emt 0:02:58]} 14. h3 {[%emt 0:00:13]} Nbd7 {[%emt 0:06:55]} 15. Qd2 {[%emt 0:03:36]} Nf8 {[%emt 0:02:28]} 16. a4 {[%emt 0:08:40]} Bd7 {[%emt 0:02:31]} 17. axb5 {[%emt 0:06:04]} axb5 {[%emt 0:00:14]} 18. h4 {[%emt 0:01:10]} ({White should play} 18. d4) 18... Nh5 {[%emt 0:05:56]} (18... Rxa1 $11 {remains equal.} 19. Rxa1 Ng4) 19. Nxh5 {[%emt 0:02:50]} gxh5 {[%emt 0:03:12]} 20. Bxf8 {[%emt 0:00:14]} Rxf8 {[%emt 0:01:00]} 21. Qh6 {[%emt 0:00:23]} Bg4 {[%emt 0:00:29]} 22. Ng5 {[%emt 0:02:06]} Bxg5 {[%emt 0:01:06]} 23. Qxg5+ {[%emt 0:03:04]} ({Stronger than} 23. hxg5 Rae8 $11) 23... Kh8 {[%emt 0:00:01]} 24. Qf6+ {[%emt 0:00:08]} Kg8 {[%emt 0:00:02]} 25. f3 {[%emt 0:00:13]} Be6 {[%emt 0:00:52]} 26. Qg5+ {[%emt 0:00:29]} Kh8 {[%emt 0:00:00]} 27. Qxh5 {[%emt 0:00:12]} ({White should play} 27. Rxa8 $16 Rxa8 28. Qxh5) 27... Ra7 $2 {[%emt 0:04:57]} (27... Rxa1 $1 $14 28. Rxa1 Rg8) 28. Qh6 {[%emt 0:02:13]} Rfa8 {[%emt 0:02:28]} 29. Rxa7 {[%emt 0:00:53]} Qxa7 {[%emt 0:00:03]} 30. Qf6+ {[%emt 0:00:12]} Kg8 {[%emt 0:00:05]} 31. h5 {[%emt 0:07:00]} Qb8 {[%emt 0:00:52]} (31... h6 {keeps fighting.} 32. Qxh6 Qe7) 32. h6 {[%emt 0:00:35]} ({Less strong is} 32. Qg5+ Kh8 $18) 32... Qf8 {[%emt 0:00:02]} (32... Kf8 {might work better.} 33. f4 exf4) 33. f4 {[%emt 0:00:22]} exf4 {[%emt 0:04:20]} 34. Rf1 {[%emt 0:00:10]} Ra6 {[%emt 0:07:48]} 35. Rxf4 {[%emt 0:04:42]} d5 {[%emt 0:03:39]} 36. Rf3 {[%emt 0:00:28]} Bg4 {[%emt 0:01:45]} 37. Qxa6 {[%emt 0:00:10]} Bxf3 {[%emt 0:00:08]} 38. gxf3 {[%emt 0:00:04]} f6 {[%emt 0:00:50]} 39. Qe6+ {[%emt 0:00:36]} Kh8 {[%emt 0:00:15]} 40. e5 {[%emt 0:02:14]} Qxh6 {[%emt 0:31:32]} 41. Qxf6+ {[%emt 0:30:04]} Qxf6 {[%emt 0:00:17]} 42. exf6 {[%emt 0:00:03]} 1-0

[Event "DFMMLV 2017"]
[Site "Braunfels"]
[Date "2017.06.18"]
[Round "5"]
[White "Siegl, Melina"]
[Black "Schneider, Birgit"]
[Result "1-0"]
[WhiteElo "1972"]
[BlackElo "1924"]
[Annotator "NA"]
[PlyCount "77"]
[EventDate "2017.??.??"]
[EventType "team-tourn"]
[EventCountry "GER"]
[SourceTitle "playchess.com"]
[Source "ChessBase"]
[SourceQuality "1"]
[TimeControl "40/5400+30:1800+30"]

{[%evp 9,72,29,22,6,10,0,17,-39,2,-21,-28,-37,-2,0,-6,-2,-4,-12,0,0,10,-16,56,56,32767,89,136,135,153,117,129,124,32767,32767,32767,32767,32767,100,32767,32767,32767,32767,32767,5,32767,32767,11,32767,17,12,32767,32767,266,279,32767,316,351,32767,32767,495,1276,32767,32767,1554,1675]} 1. e4 {[%emt 0:00:00]} c5 {[%emt 0:00:14]} 2. Nf3 {[%emt 0:00:00]} Nc6 {[%emt 0:00:06]} 3. c3 {[%emt 0:01:50]} d5 {[%emt 0:01:03]} 4. exd5 {[%emt 0:00:42]} Qxd5 {[%emt 0:00:27]} 5. Na3 {[%emt 0:03:26]} Nf6 {[%emt 0:06:29] B22: Sicilian: 2 c3} 6. Bc4 {[%emt 0:04:15]} Qd8 {[%emt 0:05:06] LiveBook: 10 Games} 7. O-O {[%emt 0:07:26]} e6 {[%emt 0:04:37]} (7... a6 8. Nc2 Bg4 9. d4 e6 10. h3 Bxf3 11. Qxf3 Rc8 {1-0 (39) Nakamura,H (2776)-Yu,Y (2724) Caleta 2015}) 8. d3 {[%emt 0:02:51]} Be7 {[%emt 0:03:20]} 9. Bf4 {[%emt 0:06:19]} a6 $146 {[%emt 0:06:49]} ({Predecessor:} 9... O-O 10. Bb3 b6 11. Qe2 Bb7 12. Rfd1 {0-1 (49) Palii,A (1859)-Purece,V (1541) Calimanesti Caciulata 2016}) 10. Bb3 {[%emt 0:01:32]} O-O {[%emt 0:02:34]} 11. Nc4 {[%emt 0:04:43]} b5 {[%emt 0:05:43]} 12. Nce5 {[%emt 0:01:44]} Nxe5 {[%emt 0:02:58]} 13. Nxe5 {[%emt 0:00:07]} Bb7 {[%emt 0:03:50]} 14. Qe2 {[%emt 0:00:55]} Bd5 {[%emt 0:07:00]} 15. c4 {[%emt 0:06:28]} bxc4 {[%emt 0:07:43]} (15... Bb7 $11) 16. dxc4 {[%emt 0:00:52]} Be4 {[%emt 0:06:32]} 17. Rfd1 {[%emt 0:02:03]} Qc8 {[%emt 0:06:02]} 18. Ba4 {[%emt 0:15:42]} Ra7 {[%emt 0:08:09]} 19. f3 {[%emt 0:04:42]} Ba8 {[%emt 0:01:40]} 20. Rd3 {[%emt 0:00:34]} Rd8 {[%emt 0:03:31]} 21. Rad1 {[%emt 0:01:05]} Rxd3 {[%emt 0:03:56]} 22. Qxd3 {[%emt 0:00:40]} Bb7 {[%emt 0:04:16]} 23. Nd7 {[%emt 0:10:07]} (23. g4 $18) 23... Bc6 {[%emt 0:03:18]} 24. Nxf6+ {[%emt 0:01:30]} Bxf6 {[%emt 0:01:56]} 25. Bxc6 {[%emt 0:00:24]} Bd4+ {[%emt 0:00:06]} 26. Be3 {[%emt 0:01:05]} Qxc6 {[%emt 0:00:56]} 27. Bxd4 {[%emt 0:00:15]} Rd7 $1 {[%emt 0:01:24]} 28. Qb3 {[%emt 0:00:18]} Qd6 {[%emt 0:01:10]} 29. Qa4 {[%emt 0:07:35]} h6 {[%emt 0:00:29]} 30. b4 {[%emt 0:00:52]} cxd4 {[%emt 0:00:09]} 31. c5 {[%emt 0:00:10]} Qd5 {[%emt 0:00:25]} 32. Qxa6 {[%emt 0:01:30]} d3 {[%emt 0:00:27]} 33. c6 {[%emt 0:04:15]} Qd4+ {[%emt 0:00:07]} 34. Kh1 {[%emt 0:00:34]} Rd5 {[%emt 0:02:04]} (34... Rc7 $142 35. b5 (35. Qxd3 Qxd3 36. Rxd3 Rxc6 $16) 35... Qc4 36. Qa8+ Kh7) 35. c7 {[%emt 0:01:59]} Qf2 {[%emt 0:01:53]} 36. c8=Q+ {[%emt 0:01:02]} Kh7 $18 {[%emt 0:00:07]} 37. Qc1 {[%emt 0:02:20]} d2 {[%emt 0:00:47]} 38. Qc2+ {[%emt 0:00:12]} g6 {[%emt 0:00:46]} 39. Qf1 {[%emt 0:00:10]} 1-0